Geography Quiz

Random Geography or State Quiz

'Y' States Blitz Quiz Stats

Quiz Updated Jul 10, 2016

Also try: 4-Letter States
Challenge
Share
Tweet
Embed
Score 0/6 Timer 00:30
0 Plays Today
% Correct
New York
82.8%
Wyoming
80.5%
Kentucky
66.5%
New Jersey
65.4%
Maryland
47.3%
Pennsylvania
43.6%

You're not logged in!

Compare scores with friends on all Sporcle quizzes.
Sign Up with Email
OR
Log In

You Might Also Like...

Show Comments

Extras

Top Quizzes Today


Score Distribution

Your Account Isn't Verified!

In order to create a playlist on Sporcle, you need to verify the email address you used during registration. Go to your Sporcle Settings to finish the process.